00510nmm a2200157Ia 4500008004100000020001800041041000800059100003100067245007700098264005500175300001800230650002900248856005100277942000700328999001700335251105s9999||||xx |||||||||||||||||und|| a9789560101945 aspa aHuidobro, María Gabriela 0aDe heroínas, fundadoras y ciudadanas : Mujeres en la historia de Chile a[Santiago de Chile, Chile] :bRil editores, c2015 a202 páginas aGender and Women Studies uhttps://public.digitaliapublishing.com/a/39365 cCF c93696d93696